=LDR 00000nam 2200000 4500 =001 INLIS000000000029047 =005 20130612131318 =008 ***********************************Ind** =035 ##$$0010-061300000029047 =041 ##$$a Ind =082 ##$$a 410.9 =090 ##$$a 410.9, Hon b =100 ##$$a Honiartri, Euis =245 ##$$a Bahasa dan sastra Indonesia SMK kelas 2 SMK bisbis manajemen, Dra. Euis Honiartri =260 ##$$a 2000 $b Bandung =300 ##$$a ...Jild, 28 cm =650 ##$$a Bahasa Indonesia =850 ##$$a NBPNMAT